| 000 | 01291cam a2200313 a 4500 | ||
|---|---|---|---|
| 001 | 623 | ||
| 005 | 20231211145830.0 | ||
| 020 | _a0439848350 (pbk.) | ||
| 020 | _a9780439848350 (pbk.) | ||
| 040 |
_aDLC _beng _cDLC _dDLC |
||
| 050 | 0 | 0 |
_aUB270.5 _b.Z85 2006 |
| 082 | 0 | 4 |
_a327.12 _222 |
| 100 | 1 | _aZullo, Allan. | |
| 245 | 1 | 4 |
_aThe secret agent and other spy kids / _cAllan Zullo. |
| 260 |
_aNew York : _bScholastic, _c2006. |
||
| 300 |
_a147 pages : _c20 cm. |
||
| 490 | 0 | _aTen true tales | |
| 505 | 0 | _aU | |
| 505 | 0 | _aCarolina heroine -- Texas rat -- Newsboy -- Rebel Joan of Arc -- Slave boy -- Boy martyr -- Boy scout -- School girl -- Peasant girl -- Hungry orphan. | |
| 520 | _aTen true stories of real-life kid spies! Can you imagine crossing enemy lines to deliver a secret message? Or spying on your enemy from the attic of their hideout? Read the 10 True Tales from kids just like you who risked their lives to be spies! | ||
| 521 |
_a980
_bLexile |
||
| 521 |
_aU
_bRaz-Plus |
||
| 650 | 0 |
_aSpies _vBiography _vJuvenile literature. |
|
| 650 | 0 |
_aEspionage _xHistory _vJuvenile literature. |
|
| 650 | 0 |
_aChildren and war _vJuvenile literature. |
|
| 650 | 0 |
_aYouth and war _vJuvenile literature. |
|
| 906 |
_a7 _bcbc _corigres _d2 _encip _f20 _gy-gencatlg |
||
| 942 |
_2ddc _cBK _n0 |
||
| 999 |
_c623 _d623 |
||